| 000 | 00906cam a22002533a 4500 | ||
|---|---|---|---|
| 001 | 14245 | ||
| 003 | PGUSA | ||
| 005 | 20140828083315.0 | ||
| 008 | 041203s2004||||xxu|||||s|||||000 1 eng d | ||
| 040 |
_aPGUSA _beng |
||
| 042 | _adc | ||
| 050 | 4 | _aPR | |
| 100 | 1 |
_aFerrar, William John, _d1868- |
|
| 245 | 1 | 4 |
_aThe Fall of the Grand Sarrasin : _bBeing a Chronicle of Sir Nigel de Bessin, Knight, of Things that Happed in Guernsey Island, in the Norman Seas, in and about the Year One Thousand and Fifty-Seven _h[electronic resource] / _cWilliam John Ferrar |
| 260 |
_bProject Gutenberg, _c2004 |
||
| 506 | _aPublic domain in the USA. | ||
| 516 | _aElectronic text | ||
| 653 | _aMiddle Ages -- Fiction | ||
| 653 | _aGuernsey (Channel Islands) -- Fiction | ||
| 700 | 1 |
_aPiffard, Harold, _d-1938 |
|
| 830 | 0 |
_aProject Gutenberg _v14245 |
|
| 856 | 4 | 0 | _uhttp://www.gutenberg.org/ebooks/14245 |
| 942 | _cEB | ||
| 999 |
_c243500 _d243500 |
||